000 00606nam a22002537a 4500
003 UA-OsUOA
001 20371
007 ta
008 20031028b un ||||| |||| 00| 0 ukr d
100 _aВсеволодов И.
700 _aНикифоров А.
090 _a910.4(40+571:591)
_bВ84
942 _cBK
040 _aUA-OsUOA
_brus
_cUA-OsUOA
_dUA-OsUOA
245 _aНастоящая радуга
300 _a175 с.
955 _a3
041 _arus
080 _a910.4(40+571:591)
260 _aМосква
_bНаука
_c1973
044 _aRU
650 7 _2UDC
999 _c306548
_d306548